LEADER 01342nam a2200301 a 4500 001 000000131487 003 CaOOAMICUS 005 20150914181643.0 008 121121s2005 vc a u000 u ita r 020 $a88-215-5660-3 040 $aPUL$bita 082 04$a238.22 245 00$aCatechismo della Chiesa cattolica :$bcompendio. 260 $aCittą del Vaticano :$bLibreria editrice vaticana,$c©2005$aCinisello Balsamo :$bSan Paolo,$c2005. 300 $a205 p.$bill.$c19 cm 500 $aInclude indici. 650 4$aCatechismo della Chiesa cattolica.$0(OLS)http://pul/subject/28591 850 $aPUL 852 $aPUL$W1$xSL Religione 3$y85$m238. 22 LEV 1$j151762$qDDC 21$B150694$CPULBib$Z2$F150694 $H121198 $82 852 $aPUL$W1$xDP1 Fondo S. Lanza$y121$m3 N 77$j168590$qFondi$B169186$CPULBib$Z2$F169186 $HLAN1076 $82 941 1 $a1 941 1 $a9 996 $6020$a88-215-5660-3$9(OLS)http://pul/number/151120 996 $6082$a238.22$9(OLS)http://pul/classification/2409 996 $6245$aCatechismo della Chiesa cattolica :$bcompendio$9(OLS)http://pul/title/166101 996 $6260$aCittą del Vaticano :$bLibreria editrice vaticana$9(OLS)http://pul/publisher/47920 996 $6260$aCinisello Balsamo :$bSan Paolo$9(OLS)http://pul/publisher/54577 LEADER 02018nam a2200433 a 4500 001 000000173975 003 CaOOAMICUS 005 20201120131747.0 008 201120s2020 it 001 u ita r 020 $a978-88-13-372224* 032 $aLibriCat 040 $aPUL$bita 082 04$a348.45 110 1 $aItalia.$0(OLS)http://pul/name/1188 240 10$aCodice di procedura penale (2020).$0(OLS)http://pul/title/215210 245 10$aCommentario breve al codice di procedura penale /$cGiulio Illuminati, Livia Giuliani ; con la collaborazione di Rossano Adorno ... [et al.]. 250 $a3. edizione. 260 $aMilano :$bWolters Kluwer,$c2020$a[S.l.] :$bCEDAM 300 $aXLVI, 3759 p. ;$c24 cm 490 1 $aBreviaria Iuris ;$v06 500 $aTesto su due colonne. 500 $aIn testa al front: Giovanni Conso - Vittorio Grevi fondatori dell'opera. 610 14$aItalia.$tCodice di procedura penale.$0(OLS)http://pul/subject/46346 650 4$aProcedura penale$zItalia.$0(OLS)http://pul/subject/12686 700 1 $aIlluminati, Giulio,$d1946-$0(OLS)http://pul/name/88153 700 1 $aGiuliani, Livia,$d1966-$0(OLS)http://pul/name/84262 700 1 $aAdorno, Rossano,$d1966-$0(OLS)http://pul/name/92296 700 1 $aGrevi, Vittorio.$0(OLS)http://pul/name/15770 700 1 $aConso, Giovanni.$0(OLS)http://pul/name/15769 830 0$aBreviaria Iuris ;$v06.$0(OLS)http://pul/title/8521 850 $aPUL 852 $aPUL$W1$xSL Diritto e Scienze Sociali 3$y79$m348. 45 COD 1.1.82$j198124$qDDC 21$B202810$CPULBib$Z2$F202810 $H134539 $82 941 1 $a9 996 $6020$a978-88-13-372224*$9(OLS)http://pul/number/167857 996 $6082$a348.45$9(OLS)http://pul/classification/373 996 $6245$aCommentario breve al codice di procedura penale$9(OLS)http://pul/title/181736 996 $6260$aMilano :$bWolters Kluwer$9(OLS)http://pul/publisher/87159 996 $6260$a[S.l.] :$bCEDAM$9(OLS)http://pul/publisher/87185